The Kregel pictorial guide to the Temple / (Record no. 4365)
[ view plain ]
| 000 -LEADER | |
|---|---|
| fixed length control field | 00859cam a2200277 a 4500 |
| 001 - CONTROL NUMBER | |
| control field | 34283952 |
| 003 - CONTROL NUMBER IDENTIFIER | |
| control field | OCoLC |
| 005 - DATE AND TIME OF LATEST TRANSACTION | |
| control field | 20181205124212.0 |
| 008 - FIXED-LENGTH DATA ELEMENTS--GENERAL INFORMATION | |
| fixed length control field | 960216s1996 miuab 001 0 eng |
| 010 ## - LIBRARY OF CONGRESS CONTROL NUMBER | |
| LC control number | 96010725 |
| 020 ## - INTERNATIONAL STANDARD BOOK NUMBER | |
| International Standard Book Number | 0825430399 |
| 020 ## - INTERNATIONAL STANDARD BOOK NUMBER | |
| International Standard Book Number | 9780825430398 |
| 035 ## - SYSTEM CONTROL NUMBER | |
| System control number | (OCoLC)34283952 |
| 040 ## - CATALOGING SOURCE | |
| Original cataloging agency | DLC |
| Language of cataloging | eng |
| Transcribing agency | DLC |
| Modifying agency | BTCTA |
| -- | YDXCP |
| -- | BAKER |
| -- | HEBIS |
| -- | OCLCO |
| -- | ATO |
| 050 00 - LIBRARY OF CONGRESS CALL NUMBER | |
| Classification number | BM655 |
| Item number | .B33 1996 |
| 082 00 - DEWEY DECIMAL CLASSIFICATION NUMBER | |
| Classification number | 296.4 |
| Edition number | 20 |
| Item number | B126K |
| 100 1# - MAIN ENTRY--PERSONAL NAME | |
| Personal name | Backhouse, Robert. |
| 245 14 - TITLE STATEMENT | |
| Title | The Kregel pictorial guide to the Temple / |
| Statement of responsibility, etc. | Robert Backhouse ; edited by Tim Dowley. |
| 260 ## - PUBLICATION, DISTRIBUTION, ETC. | |
| Place of publication, distribution, etc. | Grand Rapids, MI : |
| Name of publisher, distributor, etc. | Kregel Publications, |
| Date of publication, distribution, etc. | c1996. |
| 300 ## - PHYSICAL DESCRIPTION | |
| Extent | 32 p. : |
| Other physical details | ill. (some col.), col. maps ; |
| Dimensions | 27 cm. |
| 500 ## - GENERAL NOTE | |
| General note | Includes index. |
| 610 20 - SUBJECT ADDED ENTRY--CORPORATE NAME | |
| Corporate name or jurisdiction name as entry element | Temple of Jerusalem (Jerusalem) |
| General subdivision | History. |
| 650 #0 - SUBJECT ADDED ENTRY--TOPICAL TERM | |
| Topical term or geographic name entry element | Tabernacle. |
| 700 1# - ADDED ENTRY--PERSONAL NAME | |
| Personal name | Dowley, Tim. |
| 942 ## - ADDED ENTRY ELEMENTS (KOHA) | |
| Source of classification or shelving scheme | Dewey Decimal Classification |
| Koha item type | Books |
| Withdrawn status | Lost status | Source of classification or shelving scheme | Damaged status | Not for loan | Collection code | Home library | Current library | Shelving location | Date acquired | Cost, normal purchase price | Total Checkouts | Full call number | Barcode | Date last seen | Price effective from | Koha item type |
|---|---|---|---|---|---|---|---|---|---|---|---|---|---|---|---|---|
| Dewey Decimal Classification | Non-fiction | Harvest Mission College | Harvest Mission College | General Stacks | 05.12.2018 | 180.00 | 296.4 B126K | 004967 | 05.12.2018 | 05.12.2018 | Books |
